[Event "C.to Provinciale BG"]
[Site "Bergamo ITA"]
[Date "2004.10.29"]
[Round "4"]
[White "Gerali, Paolo"]
[Black "Citerio, Fabio"]
[Result "1-0"]
[WhiteElo "1611"]
[BlackElo "1783"]
[PlyCount "99"]
[EventDate "2004.10.08"]

1. d4 Nf6 2. c4 e6 3. Nf3 b6 4. g3 Bb7 5. Bg2 d5 6. O-O Bd6 7. Nc3 dxc4 8. Qa4+
Nbd7 9. Qxc4 O-O 10. Re1 a6 11. e4 e5 12. d5 h6 13. b3 Qe7 14. Nh4 b5 15. Qe2
Bb4 16. Bd2 Nh7 17. Nf5 Qf6 18. a3 Bc5 19. b4 Bd6 20. Qg4 Kh8 21. Nxg7 Nb6 22.
Nf5 Bc8 23. Qh5 Bxf5 24. exf5 Nc4 25. Ne4 Qe7 26. Bxh6 f6 27. Bxf8 Rxf8 28.
Rac1 Rf7 29. Bf1 Kg8 30. Bxc4 bxc4 31. Rxc4 Rg7 32. Rec1 Qd8 33. Nxd6 Qxd6 34.
Qe8+ Nf8 35. Rc6 Qd7 36. Qxd7 Rxd7 37. Rxc7 Rxd5 38. R7c6 Nd7 39. Rxa6 e4 40.
Ra8+ Kh7 41. Rc7 Kh6 42. Rd8 Nb6 43. Rxd5 Nxd5 44. Rd7 Nc3 45. Rd6 Kg5 46. h4+
Kxf5 47. b5 Ke5 48. Rb6 Nd5 49. Rb8 Kd6 50. Rd8+ 1-0

[Event "C.to Provinciale BG"]
[Site "Bergamo ITA"]
[Date "2004.10.29"]
[Round "4"]
[White "Impellizzeri, Francesco"]
[Black "Gualdi, Paolo"]
[Result "1-0"]
[WhiteElo "1658"]
[BlackElo "1529"]
[PlyCount "83"]
[EventDate "2004.10.08"]

1. d4 Nf6 2. Nf3 g6 3. c4 Bg7 4. Nc3 O-O 5. e4 d6 6. Be2 e5 7. d5 Nbd7 8. O-O
Nc5 9. Nd2 Bh6 10. Qc2 Bg4 11. Bxg4 Nxg4 12. h3 Nf6 13. b4 Ncd7 14. Nb3 Bxc1
15. Raxc1 Nh5 16. c5 Qg5 17. Qd2 Qxd2 18. Nxd2 dxc5 19. bxc5 Nxc5 20. Nb5 Na6
21. Nxc7 Nxc7 22. Rxc7 b5 23. Rfc1 Nf6 24. Kf1 Rfd8 25. Ke2 Rd7 26. Rxd7 Nxd7
27. Rc7 Nf6 28. Kd3 Kf8 29. Nf3 Ne8 30. Rc5 f6 31. Rxb5 Nd6 32. Rc5 Rc8 33.
Rxc8+ Nxc8 34. Nd2 Ke7 35. Nc4 Nd6 36. Nxd6 Kxd6 37. Kc4 f5 38. exf5 gxf5 39.
g4 fxg4 40. hxg4 h6 41. f3 Kc7 42. Kc5 1-0

[Event "C.to Provinciale BG"]
[Site "Bergamo ITA"]
[Date "2004.10.29"]
[Round "4"]
[White "Mora, Aldo"]
[Black "Riggio, Mauro"]
[Result "0-1"]
[WhiteElo "1476"]
[BlackElo "1829"]
[PlyCount "68"]
[EventDate "2004.10.08"]

1. e4 e5 2. Bc4 Nf6 3. d3 d5 4. exd5 Nxd5 5. Qf3 c6 6. a3 Bd6 7. Ba2 Be6 8. Nh3
h6 9. Nd2 g5 10. Qh5 Nd7 11. Ne4 N7f6 12. Nxf6+ Nxf6 13. Qe2 Bxa2 14. Rxa2 g4
15. Ng1 Qd7 16. Ra1 O-O-O 17. Be3 c5 18. Rd1 Nd5 19. c4 Nf4 20. Bxf4 exf4 21.
Qc2 Rhe8+ 22. Kd2 f3 23. gxf3 gxf3 24. Kc1 Qg4 25. h4 Qg2 26. Nh3 Re2 27. Qa4
Qg7 28. Rd2 Rxd2 29. Kxd2 Qxb2+ 30. Qc2 Qxa3 31. Re1 Qa5+ 32. Qc3 Bc7 33. Kc2
Qxc3+ 34. Kxc3 Ba5+ 0-1

[Event "C.to Provinciale BG"]
[Site "Bergamo ITA"]
[Date "2004.10.29"]
[Round "4"]
[White "Nasoni, Paolo"]
[Black "Ranfagni, Stefano"]
[Result "1/2-1/2"]
[WhiteElo "1865"]
[BlackElo "1859"]
[PlyCount "113"]
[EventDate "2004.10.08"]

1. d4 e6 2. c4 f5 3. g3 Nf6 4. Bg2 c6 5. Nf3 d5 6. Qc2 Be7 7. O-O O-O 8. b3 Ne4
9. Ne5 Nd7 10. Nd3 Ndf6 11. Bb2 Bd7 12. f3 Ng5 13. Nd2 Rc8 14. c5 Kh8 15. b4
Nf7 16. Rae1 Qc7 17. Ne5 Be8 18. Nxf7+ Bxf7 19. a4 Bg6 20. Qb3 f4 21. g4 Nd7
22. e4 Bh4 23. Re2 Rce8 24. Kh1 a6 25. Rd1 h6 26. Bc3 Nf6 27. Bh3 Nh7 28. Bb2
Ng5 29. Bg2 Qf7 30. e5 h5 31. h3 Bg3 32. Nf1 h4 33. Bc1 Qe7 34. Ra2 Ra8 35. Bd2
Nh7 36. Rda1 Be8 37. Qc3 g5 38. Rb2 Bg6 39. Nh2 Qf7 40. Rba2 Rfb8 41. Bf1 Nf8
42. b5 Kg7 43. bxa6 bxa6 44. Rb2 Qa7 45. Ra3 Nd7 46. Rab3 Rxb3 47. Rxb3 Rb8 48.
Qb2 Rxb3 49. Qxb3 Bf2 50. Bc3 Qb8 51. Qxb8 Nxb8 52. Be2 Bc2 53. Kg2 Be3 54. a5
Bc1 55. Nf1 Ba4 56. Kf2 Bb5 57. Bxb5 1/2-1/2

[Event "C.to Provinciale BG"]
[Site "Bergamo ITA"]
[Date "2004.10.29"]
[Round "4"]
[White "Paulicelli, Domenico"]
[Black "Gazzetta, Marco"]
[Result "0-1"]
[WhiteElo "1580"]
[BlackElo "1631"]
[PlyCount "66"]
[EventDate "2004.10.08"]

1. Nf3 d5 2. g3 Bg4 3. Bg2 c6 4. d4 Nd7 5. Bg5 h6 6. Bf4 e6 7. c4 Ne7 8. Nc3
Ng6 9. Bd2 Bh5 10. b3 dxc4 11. bxc4 Nb6 12. O-O Nxc4 13. Qb3 Bxf3 14. Qxc4 Bxg2
15. Kxg2 Be7 16. Rab1 Rb8 17. h4 Bf6 18. h5 Ne7 19. Bf4 b5 20. Qd3 Rb7 21. Ne4
Qd5 22. f3 Rd7 23. Nxf6+ gxf6 24. Rfd1 Qxh5 25. Rh1 Qf5 26. e4 Qg6 27. Rh3 f5
28. Qe3 fxe4 29. fxe4 Nd5 30. Qf3 Nxf4+ 31. Qxf4 Rxd4 32. Qe5 Qxe4+ 33. Qxe4
Rxe4 0-1

[Event "C.to Provinciale BG"]
[Site "Bergamo ITA"]
[Date "2004.10.29"]
[Round "4"]
[White "Riva, Carlo"]
[Black "Mora, Lorenzo"]
[Result "0-1"]
[WhiteElo "1655"]
[BlackElo "1865"]
[PlyCount "117"]
[EventDate "2004.10.08"]

1. e4 e5 2. Nf3 Nc6 3. Bb5 a6 4. Bxc6 dxc6 5. d4 exd4 6. Qxd4 Qxd4 7. Nxd4 Nf6
8. f3 Bd7 9. Nc3 O-O-O 10. Bd2 g6 11. O-O-O Bg7 12. Bg5 h6 13. Bxf6 Bxf6 14.
Rhe1 Rhe8 15. Nde2 h5 16. h3 Bg7 17. g4 f5 18. exf5 hxg4 19. fxg4 gxf5 20. g5
Re3 21. h4 Be8 22. Rxd8+ Kxd8 23. Rh1 Ke7 24. h5 Rf3 25. h6 Bh8 26. Rg1 Bg6 27.
Rh1 Rf2 28. Rg1 f4 29. Kd2 Bxc3+ 30. bxc3 f3 31. Ke3 Rxe2+ 32. Kxf3 Rxc2 33.
Rh1 Rxc3+ 34. Kf4 Rc4+ 35. Ke3 Bh7 36. g6 Bxg6 37. h7 Bxh7 38. Rxh7+ Kd6 39.
Kd3 Ra4 40. Rh6+ Kc5 41. Rh5+ Kb6 42. Rh2 Kb5 43. Kc3 c5 44. Kb3 c4+ 45. Kc3
Ra3+ 46. Kb2 Rf3 47. Rh7 Kb6 48. Rh6+ c6 49. Rh5 c5 50. Rh6+ Kb5 51. Rh7 b6 52.
Rh6 Ka5 53. Rc6 Rg3 54. a3 Rb3+ 55. Ka2 Ka4 56. Rc8 c3 57. Ra8 a5 58. Ra6 c2
59. Ra7 0-1

[Event "C.to Provinciale BG"]
[Site "Bergamo ITA"]
[Date "2004.10.29"]
[Round "4"]
[White "Stefanelli, Alfredo"]
[Black "Cattaneo, Dario"]
[Result "1-0"]
[WhiteElo "1772"]
[BlackElo "1556"]
[PlyCount "33"]
[EventDate "2004.10.08"]

1. d4 e6 2. e4 d5 3. e5 c5 4. c3 Nc6 5. Nf3 cxd4 6. cxd4 Bb4+ 7. Nc3 Bd7 8. Bd3
Nge7 9. a3 Bxc3+ 10. bxc3 Ng6 11. Ng5 f6 12. Nxh7 Nce7 13. exf6 gxf6 14. Nxf6+
Kf7 15. Bg5 Nf5 16. g4 Nd6 17. Qf3 1-0

[Event "C.to Provinciale BG"]
[Site "Bergamo ITA"]
[Date "2004.10.29"]
[Round "4"]
[White "Testa, Luigi"]
[Black "Locatelli, Alberto"]
[Result "1/2-1/2"]
[WhiteElo "1548"]
[BlackElo "1580"]
[PlyCount "60"]
[EventDate "2004.10.08"]

1. e4 e5 2. Nf3 Nc6 3. Bc4 Bc5 4. O-O h6 5. a3 Nf6 6. b4 Bd6 7. d3 a5 8. Bb2
axb4 9. axb4 Rxa1 10. Bxa1 Nxb4 11. Bxe5 Qe7 12. Bxd6 Qxd6 13. e5 Qc6 14. exf6
gxf6 15. Re1+ Kf8 16. Qe2 d5 17. Bb3 Rg8 18. Qe7+ Kg7 19. Qxb4 Kh8 20. Qc3 Qd6
21. Qd4 c5 22. Qxd5 Qf4 23. Qe4 Qc7 24. Qe7 Qf4 25. Qxf7 Rxg2+ 26. Kxg2 Bh3+
27. Kxh3 Qxf3+ 28. Kh4 Qf4+ 29. Kh3 Qf3+ 30. Kh4 Qf4+ 1/2-1/2

[Event "C.to Provinciale BG"]
[Site "Bergamo ITA"]
[Date "2004.10.29"]
[Round "4"]
[White "Villa, Claudio"]
[Black "Mora, Paolo"]
[Result "1/2-1/2"]
[WhiteElo "1819"]
[BlackElo "2116"]
[PlyCount "85"]
[EventDate "2004.10.08"]

1. b3 e5 2. Bb2 Nc6 3. c4 Nf6 4. g3 d5 5. Bg2 Be6 6. d3 Bc5 7. Nh3 h6 8. f3 Qd7
9. Nf2 O-O-O 10. Nc3 Be3 11. cxd5 Nxd5 12. Nxd5 Bxd5 13. Ng4 Bd4 14. Bxd4 exd4
15. Qd2 Rhe8 16. O-O Qe7 17. Rfe1 f5 18. Nf2 Qf6 19. Rac1 Kb8 20. b4 Qd6 21. a3
Re7 22. b5 Ne5 23. Qb2 Qb6 24. Qb4 Rde8 25. Kf1 Nd7 26. Nd1 g5 27. Nb2 g4 28.
Nc4 Qf6 29. Qd2 Ne5 30. Nxe5 Rxe5 31. Qf4 gxf3 32. Bxf3 Bxf3 33. exf3 Rxe1+ 34.
Rxe1 Rxe1+ 35. Kxe1 Qe7+ 36. Kf2 Qxa3 37. Qxd4 a6 38. bxa6 Qxa6 39. Qd8+ Ka7
40. Qxc7 Qxd3 41. Qa5+ Kb8 42. Qe5+ Ka7 43. Qa5+ 1/2-1/2

[Event "C.to Provinciale BG"]
[Site "Bergamo ITA"]
[Date "2004.11.05"]
[Round "5"]
[White "Cattaneo, Dario"]
[Black "Begni, Carlo"]
[Result "0-1"]
[WhiteElo "1556"]
[BlackElo "1590"]
[PlyCount "77"]
[EventDate "2004.10.08"]

1. d4 d5 2. c4 c6 3. Nc3 Nf6 4. Nf3 dxc4 5. e4 b5 6. a4 e6 7. axb5 Bb4 8. Bd2
Bxc3 9. bxc3 cxb5 10. Bg5 h6 11. Bxf6 Qxf6 12. e5 Qe7 13. d5 exd5 14. Qxd5 Qb7
15. Qd2 O-O 16. Be2 Nc6 17. O-O Qe7 18. Qd5 Qb7 19. Rab1 a6 20. Qc5 Be6 21. Nd2
Rac8 22. Bxc4 Ne7 23. Qd4 Rfd8 24. Qf4 Bxc4 25. Nxc4 Qd5 26. Nb6 Qe6 27. Nxc8
Qxc8 28. Rfc1 Nd5 29. Qf3 Qe6 30. c4 bxc4 31. Rxc4 Ne7 32. Qc3 Ng6 33. Rc1 Kh7
34. Rc6 Qd5 35. g4 Nf4 36. Qc2+ g6 37. f3 Qxf3 38. Qxg6+ fxg6 39. Rc7+ 0-1

[Event "C.to Provinciale BG"]
[Site "Bergamo ITA"]
[Date "2004.11.05"]
[Round "5"]
[White "Citerio, Fabio"]
[Black "Impellizzeri, Francesco"]
[Result "0-1"]
[WhiteElo "1783"]
[BlackElo "1658"]
[PlyCount "68"]
[EventDate "2004.10.08"]

1. e4 e6 2. d4 d5 3. Nc3 Bb4 4. Bd3 dxe4 5. Bxe4 Nf6 6. Bg5 h6 7. Bxf6 Qxf6 8.
Nge2 Nd7 9. O-O c6 10. Ng3 Bd6 11. Nh5 Qe7 12. Nxg7+ Kd8 13. Nh5 Kc7 14. f4 f5
15. Bd3 Nf8 16. Re1 Qf7 17. Rf1 Bd7 18. a3 Ng6 19. b4 b5 20. Be2 a5 21. bxa5
Rxa5 22. Qd2 Rha8 23. Ng3 b4 24. Nb1 bxa3 25. c4 Bf8 26. c5 Bg7 27. Nc3 Bc8 28.
Bh5 Qf6 29. Bxg6 Qxd4+ 30. Qxd4 Bxd4+ 31. Kh1 Bxc3 32. Ra2 Bb2 33. Ne2 Ba6 34.
Rf2 Bc4 0-1

[Event "C.to Provinciale BG"]
[Site "Bergamo ITA"]
[Date "2004.11.05"]
[Round "5"]
[White "Di Mauro, Valerio"]
[Black "Longo, Pietro"]
[Result "0-1"]
[WhiteElo "1565"]
[BlackElo "1757"]
[PlyCount "69"]
[EventDate "2004.10.08"]

1. e4 c5 2. f4 d6 3. Nf3 Nc6 4. Bb5 Bd7 5. Nc3 a6 6. Bxc6 Bxc6 7. d4 cxd4 8.
Qxd4 e6 9. O-O Qc7 10. Be3 Nf6 11. h3 Be7 12. e5 dxe5 13. fxe5 Nd7 14. Rae1 Bc5
15. Qf4 f5 16. Bxc5 Nxc5 17. b4 Ne4 18. Nxe4 Bxe4 19. Ng5 Bd5 20. Rd1 h6 21.
Nf3 O-O 22. a3 Rac8 23. Rf2 Qb6 24. Nd4 Rc4 25. Kh2 Be4 26. Qd2 Rd8 27. c3 g5
28. Qe3 Rdc8 29. Rc1 Kf7 30. a4 Qc7 31. Qg3 Rxd4 32. Rxf5+ exf5 33. Qe3 Qxe5+
34. Kg1 Rd3 35. Qe1 0-1

[Event "C.to Provinciale BG"]
[Site "Bergamo ITA"]
[Date "2004.11.05"]
[Round "5"]
[White "Elsido, Massimo"]
[Black "Elitropi, Giorgio"]
[Result "1/2-1/2"]
[WhiteElo "1667"]
[BlackElo "1870"]
[PlyCount "54"]
[EventDate "2004.10.08"]

1. e4 Nc6 2. d4 d5 3. e5 f6 4. f4 Bf5 5. Nf3 e6 6. Bb5 Qd7 7. c3 Nh6 8. Qa4 Nf7
9. Nbd2 Be7 10. Nb3 Bc2 11. O-O f5 12. Rf2 Bxb3 13. axb3 O-O 14. Bxc6 bxc6 15.
b4 h6 16. h4 Rfb8 17. Qd1 Qe8 18. Ra6 Rb6 19. Qa4 Qc8 20. Ra5 Qb7 21. Rf1 Rb5
22. Bd2 Rxa5 23. Qxa5 Qb6 24. Ra1 Nd8 25. g3 a6 26. Ne1 Nb7 27. Qa4 Qb5 1/2-1/2

[Event "C.to Provinciale BG"]
[Site "Bergamo ITA"]
[Date "2004.11.05"]
[Round "5"]
[White "Gazzetta, Marco"]
[Black "Gerali, Paolo"]
[Result "0-1"]
[WhiteElo "1631"]
[BlackElo "1611"]
[PlyCount "28"]
[EventDate "2004.10.08"]

1. e4 c5 2. Nf3 e6 3. d4 cxd4 4. Nxd4 a6 5. Bd3 Nf6 6. O-O Qc7 7. c4 Nc6 8.
Nxc6 dxc6 9. Nc3 e5 10. f4 Ng4 11. Be2 Qb6+ 12. Kh1 Nf2+ 13. Rxf2 Qxf2 14. Qc2
Qe1+ 0-1

[Event "C.to Provinciale BG"]
[Site "Bergamo ITA"]
[Date "2004.11.05"]
[Round "5"]
[White "Gualdi, Paolo"]
[Black "Mora, Aldo"]
[Result "1/2-1/2"]
[WhiteElo "1529"]
[BlackElo "1476"]
[PlyCount "122"]
[EventDate "2004.10.08"]

1. e4 e5 2. Nf3 Nc6 3. g3 Bc5 4. Bg2 d6 5. O-O h6 6. c3 Nf6 7. d4 Bb6 8. dxe5
Nxe5 9. Nxe5 dxe5 10. Qxd8+ Kxd8 11. Nd2 Bc5 12. Nc4 Nd7 13. b4 Be7 14. Rd1 f6
15. Bh3 Ke8 16. Ne3 g6 17. Nd5 Bd6 18. Bxd7+ Kxd7 19. Nxf6+ Ke6 20. Nd5 Kf7 21.
a3 Bg4 22. Re1 c6 23. Ne3 Be6 24. c4 a6 25. Bb2 Rh7 26. Rad1 Bc7 27. c5 Rd8 28.
Rxd8 Bxd8 29. Bxe5 Bf6 30. Bxf6 Kxf6 31. f4 Rd7 32. e5+ Kg7 33. Rd1 Rxd1+ 34.
Nxd1 Kf7 35. Ne3 h5 36. Kg2 Ke7 37. h3 Kf7 38. g4 hxg4 39. hxg4 Kf8 40. Kg3 Kf7
41. Kh4 Kg7 42. f5 gxf5 43. gxf5 Bc8 44. Kg5 Kf8 45. Ng4 Ke7 46. e6 Bxe6 47.
fxe6 Kxe6 48. Kg6 Kd5 49. Kf5 Kc4 50. Ne3+ Kb3 51. Ke6 Kxa3 52. Nc2+ Kb3 53.
Kd6 Kxc2 54. Kc7 Kc3 55. Kxb7 Kxb4 56. Kxc6 a5 57. Kd5 a4 58. c6 a3 59. c7 a2
60. c8=Q a1=Q 61. Qc4+ Ka3 1/2-1/2

[Event "C.to Provinciale BG"]
[Site "Bergamo ITA"]
[Date "2004.11.05"]
[Round "5"]
[White "Locatelli, Alberto"]
[Black "Riva, Carlo"]
[Result "0-1"]
[WhiteElo "1580"]
[BlackElo "1655"]
[PlyCount "90"]
[EventDate "2004.10.08"]

1. e4 c5 2. Nc3 d6 3. Bc4 Nf6 4. Qf3 e6 5. a3 Nbd7 6. d3 Rb8 7. Bf4 b6 8. Bb3
a6 9. Nge2 Bb7 10. Ng3 Be7 11. Nh5 Nxh5 12. Qxh5 Nf6 13. Qf3 h6 14. O-O O-O 15.
Rfe1 Nh7 16. Qg3 Bh4 17. Qg4 Bg5 18. Re3 Nf6 19. Qf3 Bxf4 20. Qxf4 b5 21. Rh3
Nh7 22. Re1 Bc8 23. Rg3 Kh8 24. e5 d5 25. d4 cxd4 26. Qxd4 Rb7 27. Nd1 f6 28.
c3 f5 29. Bc2 Ng5 30. Qb4 Rc7 31. Bd3 Kg8 32. f4 Ne4 33. Bxe4 dxe4 34. Ne3 Rd7
35. c4 Rd4 36. Qb3 Rd3 37. Qc2 Rf7 38. Nxf5 Rxg3 39. Nxg3 Qd4+ 40. Kh1 Rxf4 41.
Rxe4 Rxe4 42. Nxe4 bxc4 43. Nd6 Qxe5 44. Ne4 Bb7 45. Ng3 Qe1+ 0-1

[Event "C.to Provinciale BG"]
[Site "Bergamo ITA"]
[Date "2004.11.05"]
[Round "5"]
[White "Mangili, Riccardo"]
[Black "Stefanelli, Alfredo"]
[Result "1-0"]
[WhiteElo "1599"]
[BlackElo "1772"]
[PlyCount "139"]
[EventDate "2004.10.08"]

1. e4 c5 2. Nf3 d6 3. d4 cxd4 4. Nxd4 Nf6 5. Nc3 a6 6. Be2 e6 7. O-O Be7 8. Be3
Nc6 9. f4 Qc7 10. Bf3 O-O 11. Nce2 Bd7 12. Rc1 Rac8 13. a3 b5 14. c3 Na5 15. b3
Rfd8 16. Qc2 g6 17. Ng3 e5 18. Nde2 Be6 19. Rb1 Ng4 20. Bxg4 Bxg4 21. f5 Bh4
22. h3 Bxe2 23. Nxe2 Nb7 24. f6 Qd7 25. Rf3 g5 26. Bxg5 Bxg5 27. Rg3 Kh8 28.
Rxg5 Rg8 29. Rg3 Nc5 30. Rf1 Qe6 31. c4 bxc4 32. bxc4 Nd7 33. Rxg8+ Rxg8 34.
Rf3 Nxf6 35. Ng3 Ne8 36. Nf5 Ng7 37. Ne3 Nh5 38. Nd5 Nf4 39. Nxf4 exf4 40. Qc3+
Qe5 41. Qxe5+ dxe5 42. Kf2 Rd8 43. Rc3 Kg7 44. g3 fxg3+ 45. Kxg3 Kg6 46. c5 f5
47. exf5+ Kxf5 48. Kf3 e4+ 49. Ke3 Ke5 50. c6 Kd6 51. Kxe4 Rc8 52. Rd3+ Kxc6
53. Rc3+ Kd7 54. Rxc8 Kxc8 55. Kf5 Kc7 56. Kf6 Kb6 57. Kg7 h5 58. h4 Ka5 59.
Kg6 Ka4 60. Kxh5 Kxa3 61. Kg5 a5 62. h5 a4 63. h6 Kb2 64. h7 a3 65. h8=Q+ Kb1
66. Qb8+ Ka1 67. Qe5+ Kb1 68. Qe1+ Kb2 69. Qb4+ Ka2 70. Kf4 1-0

[Event "C.to Provinciale BG"]
[Site "Bergamo ITA"]
[Date "2004.11.05"]
[Round "5"]
[White "Mora, Paolo"]
[Black "Mora, Lorenzo"]
[Result "1-0"]
[WhiteElo "2116"]
[BlackElo "1865"]
[PlyCount "113"]
[EventDate "2004.10.08"]

1. e4 e5 2. Nf3 Nc6 3. Bb5 a6 4. Ba4 Nf6 5. d4 exd4 6. O-O b5 7. Bb3 d6 8. Ng5
Ne5 9. f4 Nc4 10. e5 h6 11. Nxf7 Kxf7 12. exf6 Bb7 13. Qxd4 gxf6 14. Bxc4+ bxc4
15. Qxc4+ d5 16. Qe2 h5 17. Nd2 Bc5+ 18. Kh1 Qd7 19. Qd3 Rae8 20. Nf3 Re4 21.
c3 Bc6 22. Rd1 Rhe8 23. Bd2 Kg7 24. Re1 Bb5 25. Qc2 Be3 26. Bxe3 Rxe3 27. Rxe3
Rxe3 28. Re1 Bd3 29. Qd2 Rxe1+ 30. Nxe1 Be4 31. Qf2 Qf5 32. Qg3+ Kf7 33. h3 c5
34. Kh2 d4 35. cxd4 cxd4 36. Qf2 d3 37. Qd2 h4 38. Kg1 Qd5 39. a3 Qd4+ 40. Kf1
Ke6 41. Nf3 Bxf3 42. gxf3 Kf5 43. Kg2 Qc4 44. Kf2 Qc5+ 45. Kf1 Qc2 46. Ke1
Qxd2+ 47. Kxd2 Kxf4 48. Kxd3 Kxf3 49. b4 Kg3 50. a4 f5 51. b5 axb5 52. axb5 f4
53. b6 f3 54. b7 Kg2 55. b8=Q f2 56. Qg8+ Kf1 57. Qg4 1-0

[Event "C.to Provinciale BG"]
[Site "Bergamo ITA"]
[Date "2004.11.05"]
[Round "5"]
[White "Nasoni, Paolo"]
[Black "Bassis, Ivano"]
[Result "1-0"]
[WhiteElo "1865"]
[BlackElo "1841"]
[PlyCount "85"]
[EventDate "2004.10.08"]

1. d4 Nf6 2. c4 c5 3. d5 b5 4. cxb5 a6 5. f3 axb5 6. e4 Bb7 7. Bxb5 e6 8. dxe6
fxe6 9. Ne2 c4 10. Be3 Bb4+ 11. Nbc3 Qc7 12. O-O O-O 13. Nd4 Bd6 14. h3 Nh5 15.
Nce2 Nc6 16. Bxc6 Bxc6 17. Qc2 Bb7 18. Nb5 Bh2+ 19. Kh1 Qe5 20. Qc3 d5 21. Bd4
Qb8 22. e5 Nf4 23. Nxf4 Bxf4 24. Nd6 Bc6 25. Qc2 Qb4 26. Bc3 Qb6 27. Rfd1 Ba4
28. b3 cxb3 29. Qb2 Rfb8 30. Rdb1 Qc7 31. axb3 Bd7 32. Rxa8 Rxa8 33. b4 Be3 34.
Bd4 Bxd4 35. Qxd4 Ra2 36. Qh4 Ba4 37. Qg4 Qd7 38. b5 Bc2 39. Rc1 Bf5 40. Qd4 h5
41. b6 Ra8 42. b7 Rb8 43. Rc8+ 1-0

[Event "C.to Provinciale BG"]
[Site "Bergamo ITA"]
[Date "2004.11.05"]
[Round "5"]
[White "Pezzotta, Gianfranco"]
[Black "Gozzini, Giambattista"]
[Result "0-1"]
[WhiteElo "1580"]
[BlackElo "1715"]
[PlyCount "112"]
[EventDate "2004.10.08"]

1. e4 c6 2. Nf3 d5 3. exd5 cxd5 4. d4 Bg4 5. h3 Bh5 6. Nc3 e6 7. Be2 Nc6 8. a3
Be7 9. O-O Nf6 10. Qd3 Bxf3 11. Bxf3 a6 12. Bf4 Bd6 13. Bxd6 Qxd6 14. Na4 b5
15. Nc3 O-O 16. b4 Rfc8 17. Nb1 e5 18. Be2 Nxd4 19. c3 Nxe2+ 20. Qxe2 Ne4 21.
Re1 f6 22. Qd3 Qc6 23. Re3 Nxc3 24. Qxc3 Qb6 25. Qe1 d4 26. Re4 Rc2 27. Nd2 a5
28. Nb3 axb4 29. axb4 Rxa1 30. Qxa1 Qc6 31. Re1 Qc4 32. Qa8+ Kf7 33. Qb7+ Kg6
34. Qe4+ Kf7 35. Nc5 Qxb4 36. Qxc2 Qxe1+ 37. Kh2 Qc3 38. Qa2+ Qc4 39. Qa7+ Kg6
40. Qa3 b4 41. Qd3+ Qxd3 42. Nxd3 b3 43. Kg1 e4 44. Nb2 Kf5 45. Kf1 Ke5 46. Ke2
Kd5 47. f4 f5 48. g4 g6 49. g5 Kc5 50. Kd2 Kb4 51. Nd1 Ka3 52. Kc1 e3 53. Nb2
Kb4 54. h4 Kc3 55. Nd1+ Kd3 56. Nb2+ Ke4 0-1

[Event "C.to Provinciale BG"]
[Site "Bergamo ITA"]
[Date "2004.11.05"]
[Round "5"]
[White "Ranfagni, Stefano"]
[Black "Canova, Luca"]
[Result "1-0"]
[WhiteElo "1859"]
[BlackElo "2047"]
[PlyCount "83"]
[EventDate "2004.10.08"]

1. e4 e5 2. Nf3 Nc6 3. Nc3 Nf6 4. d4 exd4 5. Nxd4 Bb4 6. Nxc6 bxc6 7. Qf3 Qe7
8. Bd3 h6 9. Bd2 d6 10. h3 Be6 11. O-O O-O 12. a3 Bc5 13. Na4 Bd4 14. c3 Be5
15. Qd1 Nh7 16. f4 Bf6 17. Qc2 Bh4 18. e5 f5 19. exf6 Nxf6 20. Rf3 Nd5 21. c4
Nb6 22. Nxb6 cxb6 23. f5 Bf7 24. Qc1 d5 25. Bxh6 dxc4 26. Bxg7 Kxg7 27. f6+
Qxf6 28. Rxf6 Bxf6 29. Bxc4 Bxc4 30. Qxc4 Bxb2 31. Rd1 Rad8 32. Qg4+ Kf7 33.
Qf5+ Bf6 34. Rf1 Rd6 35. g4 Ke7 36. Kg2 Rd2+ 37. Rf2 Rxf2+ 38. Qxf2 c5 39. Qf3
c4 40. Qe4+ Kd6 41. Qxc4 a5 42. Qf4+ 1-0

[Event "C.to Provinciale BG"]
[Site "Bergamo ITA"]
[Date "2004.11.05"]
[Round "5"]
[White "Scarpellini, Felice"]
[Black "Testa, Luigi"]
[Result "1-0"]
[WhiteElo "1742"]
[BlackElo "1548"]
[PlyCount "157"]
[EventDate "2004.10.08"]

1. c4 e5 2. Nc3 Nc6 3. g3 Nf6 4. Bg2 Bc5 5. e3 O-O 6. Nge2 a6 7. d4 exd4 8.
exd4 Be7 9. O-O d6 10. Bg5 h6 11. Bxf6 Bxf6 12. Nd5 Bd7 13. Qd2 Rb8 14. Rad1
Re8 15. Nxf6+ Qxf6 16. Nf4 Na7 17. Nd5 Qd8 18. Rfe1 Be6 19. Ne3 Kf8 20. d5 Bd7
21. Qd4 b6 22. b4 Nc8 23. Rc1 Ne7 24. c5 Nf5 25. Qd3 Nxe3 26. Rxe3 Rxe3 27.
Qxe3 bxc5 28. bxc5 Qe7 29. Qc3 f6 30. Re1 Qd8 31. Qa5 Rb5 32. Qxa6 Rxc5 33. Qa7
Kf7 34. Qa3 c6 35. dxc6 Bxc6 36. Bxc6 Rxc6 37. Qa7+ Rc7 38. Qd4 Qd7 39. Qd5+
Kf8 40. Rd1 Rc6 41. a4 Ra6 42. Qb5 Qxb5 43. axb5 Rb6 44. Rb1 Ke7 45. Kg2 d5 46.
Kf3 g5 47. Ke3 Kd6 48. Kd4 h5 49. h4 g4 50. Rb2 Rb7 51. b6 Kc6 52. Rb3 Kd6 53.
Rb5 Kc6 54. Rxd5 Rxb6 55. Rxh5 Rb7 56. Rf5 Kd6 57. Rxf6+ Ke7 58. Rf4 Rb4+ 59.
Ke3 Rb3+ 60. Ke2 Rb2+ 61. Kf1 Rb1+ 62. Kg2 Ke6 63. Rxg4 Kf5 64. Ra4 Rb2 65. g4+
Kg6 66. Kg3 Rb3+ 67. f3 Rb1 68. Ra6+ Kg7 69. g5 Rg1+ 70. Kf4 Rg2 71. h5 Rh2 72.
h6+ Kh7 73. Kf5 Rh3 74. Ra7+ Kg8 75. f4 Re3 76. g6 Re8 77. Kg5 Rf8 78. h7+ Kh8
79. Kh6 1-0

[Event "C.to Provinciale BG"]
[Site "Bergamo ITA"]
[Date "2004.11.05"]
[Round "5"]
[White "Valsecchi, Alessio"]
[Black "Villa, Claudio"]
[Result "1-0"]
[WhiteElo "1925"]
[BlackElo "1819"]
[PlyCount "99"]
[EventDate "2004.10.08"]

1. e4 e5 2. Nf3 d6 3. d4 Nd7 4. Bc4 c6 5. O-O Be7 6. Nc3 Ngf6 7. a4 O-O 8. dxe5
dxe5 9. Re1 Qc7 10. Nh4 Nc5 11. Nf5 Ne6 12. Bxe6 Bxe6 13. Nxe7+ Qxe7 14. b3 Bg4
15. f3 Bh5 16. Ba3 c5 17. Nd5 Nxd5 18. Qxd5 b6 19. Bb2 Rfe8 20. f4 Rad8 21.
Qxe5 Qxe5 22. Bxe5 Rd2 23. Rac1 Red8 24. h3 f6 25. Bc3 R2d7 26. Kf2 Rd1 27. g4
Rxc1 28. Rxc1 Be8 29. Ke3 Kf7 30. a5 b5 31. b4 c4 32. Bd4 a6 33. Rd1 Bc6 34.
Rd2 h6 35. Bc3 Rxd2 36. Bxd2 Bd7 37. Kd4 g6 38. Kc5 f5 39. gxf5 gxf5 40. e5 h5
41. Kd6 Be6 42. h4 Bc8 43. Kc7 Be6 44. Kb7 Ke7 45. Kxa6 Bd7 46. Kb7 Kd8 47. a6
Bc8+ 48. Kb6 Be6 49. Kc6 Kc8 50. a7 1-0

[Event "C.to Provinciale BG"]
[Site "Bergamo ITA"]
[Date "2004.11.12"]
[Round "6"]
[White "Begni, Carlo"]
[Black "Scarpellini, Felice"]
[Result "1-0"]
[WhiteElo "1590"]
[BlackElo "1742"]
[PlyCount "83"]
[EventDate "2004.10.08"]

1. e4 d6 2. d4 g6 3. Nf3 Bg7 4. c3 Bg4 5. Be2 c6 6. h3 Bxf3 7. Bxf3 Nd7 8. Be3
Ngf6 9. Nd2 e5 10. O-O O-O 11. Qc2 Qc7 12. Rad1 b5 13. b4 Nb6 14. dxe5 dxe5 15.
Bxb6 axb6 16. c4 bxc4 17. Nxc4 c5 18. Ne3 Qa7 19. bxc5 bxc5 20. Rd2 Bh6 21. Rc1
Bxe3 22. fxe3 Rac8 23. Qc4 Qa3 24. Rc3 Qa7 25. a4 Qa5 26. Rb2 Qc7 27. Rb5 Nd7
28. Bg4 Rfe8 29. Bxd7 Qxd7 30. a5 Qd1+ 31. Kh2 Re6 32. Rxc5 Rce8 33. Rc8 Rxc8
34. Qxc8+ Kg7 35. Rc6 Re7 36. a6 Qd3 37. Rc3 Qxe4 38. Qc5 Re8 39. a7 Qa8 40.
Rb3 h5 41. Qc7 Qe4 42. Qc1 1-0

[Event "C.to Provinciale BG"]
[Site "Bergamo ITA"]
[Date "2004.11.12"]
[Round "6"]
[White "Bertoletti, Vincenzo"]
[Black "Citerio, Fabio"]
[Result "0-1"]
[WhiteElo "1508"]
[BlackElo "1783"]
[PlyCount "50"]
[EventDate "2004.10.08"]

1. d4 Nf6 2. Nc3 d5 3. e4 dxe4 4. f3 exf3 5. Nxf3 Bg4 6. Bc4 e6 7. O-O c6 8.
Bg5 Be7 9. Be2 Nbd7 10. h3 Bh5 11. Nh2 Bg6 12. Bd3 Bxd3 13. Qxd3 h6 14. Bxf6
Nxf6 15. Ne4 Qb6 16. b3 Rd8 17. c3 e5 18. Nxf6+ gxf6 19. Ng4 c5 20. d5 c4+ 21.
Qe3 Bc5 22. Nxf6+ Kf8 23. Ng4 Bxe3+ 24. Kh1 Bf4 25. bxc4 h5 0-1

[Event "C.to Provinciale BG"]
[Site "Bergamo ITA"]
[Date "2004.11.09"]
[Round "6"]
[White "Canova, Luca"]
[Black "Bassis, Ivano"]
[Result "1/2-1/2"]
[WhiteElo "2047"]
[BlackElo "1841"]
[PlyCount "68"]
[EventDate "2004.10.08"]

1. Nf3 Nf6 2. d4 c5 3. d5 d6 4. c4 b5 5. a4 b4 6. b3 g6 7. Bb2 Bg7 8. Nbd2 O-O
9. Qc2 e6 10. dxe6 fxe6 11. e4 Nfd7 12. Bxg7 Kxg7 13. h4 Qf6 14. O-O-O Nc6 15.
Kb1 Qc3 16. Bd3 Nde5 17. Be2 Nd4 18. Nxd4 cxd4 19. Nf3 Qxc2+ 20. Kxc2 Nxf3 21.
Bxf3 e5 22. Kd3 a5 23. Rc1 Ba6 24. h5 Rf4 25. hxg6 hxg6 26. Kd2 g5 27. Rh5 Kg6
28. Rch1 g4 29. Rh6+ Kg7 30. Rh7+ Kg6 31. R1h6+ Kg5 32. Rxd6 gxf3 33. Rg7+ Kh5
34. Rh7+ Kg5 1/2-1/2